000 00572nam a2200217 i 4500
001 790130
005 20180206034819.0
008 760626s1975 ilua b 001 0 eng
010 _a 74031855
020 _a0030125162
040 _aDLC
_cDLC
_dDLC
041 _aeng
080 _a658.4 ELM
082 0 0 _a658.4 ELM
100 1 _a54
101 _aMAN
245 1 0 _aOrganization analysis :
_cElmer H. Burack.
504 _aIncludes bibliographies and index.
906 _a7
_bcbc
_corignew
_d2
_eocip
_f19
_gy-gencatlg
942 _2ddc
_cBK
999 _c41860
_d41860